000
00315pab a2200133 454500
008
180718b1989 xxu||||| |||| 00| 0 eng d
245
_a
Review of agriculture
260
_c
1989
300
_a
A46-A92
362
_a
24 Jun.
650
_a
Agriculture - India
773
_a
Economic and Political Weekly
909
_a
3701
999
_c
3701
_d
3701